Winningest NHL goaltenders over the last 10 years - Statistics

General Stats
  • This quiz has been taken 54 times
  • The average score is 19 of 30
Answer Stats
Team Wins Player % Correct
MTL 262 Carey Price
95%
NSH 274 Pekka Rinne
95%
BOS 270 Tuukka Rask
95%
CHI/PIT/VGK 308 Marc-André Fleury
93%
CBJ/FLA 269 Sergei Bobrovsky
93%
LAK 240 Jonathan Quick
91%
VAN/WAS 279 Braden Holtby
86%
NYR/WAS 246 Henrik Lundqvist
86%
TBL 190 Andrei Vasilevskiy
81%
CHI 226 Corey Crawford
81%
FLA/VAN 181 Roberto Luongo
77%
WPG 176 Connor Hellebuyck
67%
OTT/WAS 193 Craig Anderson
65%
ARI/CGY/EDM 216 Mike Smith
65%
DAL/LAK/OTT/TBL 218 Ben Bishop
58%
ANA/TOR 226 Frederik Andersen
56%
ANA/BUF/STL/VAN 170 Ryan Miller
53%
COL/NYI 221 Semyon Varlamov
53%
CGY/EDM/MIN/ NYR/PHI 169 Cam Talbot
47%
NJD/VAN 152 Cory Schneider
47%
MTL/STL 159 Jake Allen
47%
CAR/FLA/SJS/TOR 153 James Reimer
47%
LAK/SJS 186 Martin Jones
44%
DET 171 Jimmy Howard
40%
CAR/CHI 159 Cam Ward
35%
DAL 176 Kari Lehtonen
35%
DAL/FLA/MTL/PIT/SJS 180 Antti Niemi
33%
ARI/COL/EDM/MIN/ NSH/SJS 237 Devan Dubnyk
33%
BOS/NYI/STL/WAS 198 Jaroslav Halák
33%
CGY/PHI/STL 195 Brian Elliott
30%
No matching quizzes found
Score Distribution
Percent of People with Each Score
Percentile by Number Answered
Your Score History
You have not taken this quiz